<?xml version="1.0" encoding="UTF-8"?>
<record
    xmlns:xsi="http://www.w3.org/2001/XMLSchema-instance"
    xsi:schemaLocation="http://www.loc.gov/MARC21/slim http://www.loc.gov/standards/marcxml/schema/MARC21slim.xsd"
    xmlns="http://www.loc.gov/MARC21/slim">

  <leader>01366 am a2200397 a 4500</leader>
  <controlfield tag="005">20240530124919.0</controlfield>
  <controlfield tag="008">100310s2010||||ag a   f |||| 001 0 spa d</controlfield>
  <datafield tag="020" ind1=" " ind2=" ">
    <subfield code="a">9789500602532</subfield>
  </datafield>
  <datafield tag="041" ind1=" " ind2=" ">
    <subfield code="a">spa</subfield>
  </datafield>
  <datafield tag="092" ind1=" " ind2=" ">
    <subfield code="c">612</subfield>
    <subfield code="l">18</subfield>
    <subfield code="s">DVO</subfield>
  </datafield>
  <datafield tag="100" ind1="1" ind2=" ">
    <subfield code="a">Dvorkin, Mario A.</subfield>
    <subfield code="9">562</subfield>
    <subfield code="e">Dir.</subfield>
  </datafield>
  <datafield tag="245" ind1=" " ind2=" ">
    <subfield code="a">Best &amp; Taylor. </subfield>
    <subfield code="b">Bases Fisiol&#xF3;gicas de la Pr&#xE1;ctica M&#xE9;dica /  </subfield>
    <subfield code="c">Mario A. Dvorkin</subfield>
  </datafield>
  <datafield tag="250" ind1=" " ind2=" ">
    <subfield code="a">14a ed. 1a reimp. en espa&#xF1;ol</subfield>
    <subfield code="b">Ilustrado por Walter Garc&#xED;a</subfield>
  </datafield>
  <datafield tag="260" ind1=" " ind2=" ">
    <subfield code="a">Buenos Aires: </subfield>
    <subfield code="b">Editorial M&#xE9;dica Panamericana;</subfield>
    <subfield code="c">2010.</subfield>
  </datafield>
  <datafield tag="300" ind1=" " ind2=" ">
    <subfield code="a">1164 p.</subfield>
    <subfield code="c">28x20 cm.</subfield>
    <subfield code="b">il.</subfield>
  </datafield>
  <datafield tag="500" ind1=" " ind2=" ">
    <subfield code="a">Dvorkin, M. A., Cardinali, D. P. y Iermoli, R. H. (Dirs.). (2010). Best &amp; Taylor. Bases fisiol&#xF3;gicas de la pr&#xE1;ctica m&#xE9;dica. (14a ed.). Buenos Aires : Editorial M&#xE9;dica Panamericana.</subfield>
  </datafield>
  <datafield tag="590" ind1=" " ind2=" ">
    <subfield code="a">Compra FACIMED 2009</subfield>
  </datafield>
  <datafield tag="653" ind1=" " ind2=" ">
    <subfield code="a">Fisiolog&#xED;a celular</subfield>
  </datafield>
  <datafield tag="653" ind1=" " ind2=" ">
    <subfield code="a">Fisiolog&#xED;a tisular</subfield>
  </datafield>
  <datafield tag="653" ind1=" " ind2=" ">
    <subfield code="a">Fisiolog&#xED;a de sistemas</subfield>
  </datafield>
  <datafield tag="653" ind1=" " ind2=" ">
    <subfield code="a">Sistema respiratorio</subfield>
  </datafield>
  <datafield tag="653" ind1=" " ind2=" ">
    <subfield code="a">Sistema cardiovascular</subfield>
  </datafield>
  <datafield tag="653" ind1=" " ind2=" ">
    <subfield code="a">Sistema sangu&#xED;neo</subfield>
  </datafield>
  <datafield tag="653" ind1=" " ind2=" ">
    <subfield code="a">Sistema renal</subfield>
  </datafield>
  <datafield tag="653" ind1=" " ind2=" ">
    <subfield code="a">Sistema gastrointestinal</subfield>
  </datafield>
  <datafield tag="653" ind1=" " ind2=" ">
    <subfield code="a">Sistema endocrino</subfield>
  </datafield>
  <datafield tag="653" ind1=" " ind2=" ">
    <subfield code="a">Sistema nervioso</subfield>
  </datafield>
  <datafield tag="700" ind1="1" ind2=" ">
    <subfield code="a">Cardinali, Daniel P.</subfield>
    <subfield code="9">254</subfield>
    <subfield code="e">Dir.</subfield>
  </datafield>
  <datafield tag="700" ind1="1" ind2=" ">
    <subfield code="a">Iermoli, Roberto H.</subfield>
    <subfield code="9">563</subfield>
    <subfield code="e">Dir.</subfield>
  </datafield>
  <datafield tag="930" ind1=" " ind2=" ">
    <subfield code="a">2067</subfield>
  </datafield>
  <datafield tag="930" ind1=" " ind2=" ">
    <subfield code="a">2068</subfield>
  </datafield>
  <datafield tag="930" ind1=" " ind2=" ">
    <subfield code="a">2212</subfield>
  </datafield>
  <datafield tag="930" ind1=" " ind2=" ">
    <subfield code="a">2213</subfield>
  </datafield>
  <datafield tag="930" ind1=" " ind2=" ">
    <subfield code="a">2214</subfield>
  </datafield>
  <datafield tag="942" ind1=" " ind2=" ">
    <subfield code="2">ddc</subfield>
    <subfield code="c">BK</subfield>
    <subfield code="0">3</subfield>
  </datafield>
  <datafield tag="999" ind1=" " ind2=" ">
    <subfield code="c">70</subfield>
    <subfield code="d">70</subfield>
  </datafield>
  <datafield tag="952" ind1=" " ind2=" ">
    <subfield code="0">0</subfield>
    <subfield code="1">0</subfield>
    <subfield code="2">ddc</subfield>
    <subfield code="4">0</subfield>
    <subfield code="7">0</subfield>
    <subfield code="a">BFM</subfield>
    <subfield code="b">BFM</subfield>
    <subfield code="c">CR</subfield>
    <subfield code="d">2011-05-13</subfield>
    <subfield code="l">214</subfield>
    <subfield code="m">14</subfield>
    <subfield code="o">612 18 DVO</subfield>
    <subfield code="p">2067</subfield>
    <subfield code="r">2024-08-28</subfield>
    <subfield code="s">2024-08-23</subfield>
    <subfield code="t">ej.18</subfield>
    <subfield code="w">2011-05-13</subfield>
    <subfield code="y">BK</subfield>
    <subfield code="z">Sede Tordos.</subfield>
    <subfield code="f"></subfield>
  </datafield>
  <datafield tag="952" ind1=" " ind2=" ">
    <subfield code="0">0</subfield>
    <subfield code="1">0</subfield>
    <subfield code="2">ddc</subfield>
    <subfield code="4">0</subfield>
    <subfield code="7">0</subfield>
    <subfield code="a">BFM</subfield>
    <subfield code="b">BFM</subfield>
    <subfield code="c">CR</subfield>
    <subfield code="d">2011-05-13</subfield>
    <subfield code="l">215</subfield>
    <subfield code="m">11</subfield>
    <subfield code="o">612 18 DVO</subfield>
    <subfield code="p">2068</subfield>
    <subfield code="r">2025-09-24</subfield>
    <subfield code="s">2025-09-18</subfield>
    <subfield code="t">ej.19</subfield>
    <subfield code="w">2011-05-13</subfield>
    <subfield code="y">BK</subfield>
    <subfield code="z">Sede Tordos.</subfield>
    <subfield code="f"></subfield>
  </datafield>
  <datafield tag="952" ind1=" " ind2=" ">
    <subfield code="0">0</subfield>
    <subfield code="1">0</subfield>
    <subfield code="2">ddc</subfield>
    <subfield code="4">0</subfield>
    <subfield code="7">0</subfield>
    <subfield code="a">BFM</subfield>
    <subfield code="b">BFM</subfield>
    <subfield code="c">CR</subfield>
    <subfield code="d">2011-05-13</subfield>
    <subfield code="l">288</subfield>
    <subfield code="m">29</subfield>
    <subfield code="o">612 18 DVO</subfield>
    <subfield code="p">2212</subfield>
    <subfield code="r">2025-10-03</subfield>
    <subfield code="s">2025-09-26</subfield>
    <subfield code="t">ej.21</subfield>
    <subfield code="w">2011-05-13</subfield>
    <subfield code="y">BK</subfield>
    <subfield code="z">Sede Tordos.</subfield>
    <subfield code="f"></subfield>
  </datafield>
  <datafield tag="952" ind1=" " ind2=" ">
    <subfield code="0">0</subfield>
    <subfield code="1">0</subfield>
    <subfield code="2">ddc</subfield>
    <subfield code="4">0</subfield>
    <subfield code="7">0</subfield>
    <subfield code="a">BFM</subfield>
    <subfield code="b">BFM</subfield>
    <subfield code="c">REF</subfield>
    <subfield code="d">2011-05-13</subfield>
    <subfield code="l">3</subfield>
    <subfield code="m">11</subfield>
    <subfield code="o">612 18 DVO</subfield>
    <subfield code="p">2213</subfield>
    <subfield code="q">2029-03-01</subfield>
    <subfield code="r">2014-11-06</subfield>
    <subfield code="s">2012-08-02</subfield>
    <subfield code="t">ej.22</subfield>
    <subfield code="w">2011-05-13</subfield>
    <subfield code="y">BK</subfield>
    <subfield code="z">LIBRO DE CATEDRA</subfield>
  </datafield>
  <datafield tag="952" ind1=" " ind2=" ">
    <subfield code="0">0</subfield>
    <subfield code="1">0</subfield>
    <subfield code="2">ddc</subfield>
    <subfield code="4">0</subfield>
    <subfield code="7">0</subfield>
    <subfield code="a">BFM</subfield>
    <subfield code="b">BFM</subfield>
    <subfield code="c">CR</subfield>
    <subfield code="d">2011-05-13</subfield>
    <subfield code="l">335</subfield>
    <subfield code="m">29</subfield>
    <subfield code="o">612 18 DVO</subfield>
    <subfield code="p">2214</subfield>
    <subfield code="r">2025-10-21</subfield>
    <subfield code="s">2025-10-14</subfield>
    <subfield code="t">ej.23</subfield>
    <subfield code="w">2011-05-13</subfield>
    <subfield code="y">BK</subfield>
    <subfield code="z">Sede Tordos.</subfield>
    <subfield code="f"></subfield>
  </datafield>
  <datafield tag="952" ind1=" " ind2=" ">
    <subfield code="0">0</subfield>
    <subfield code="1">0</subfield>
    <subfield code="2">ddc</subfield>
    <subfield code="4">0</subfield>
    <subfield code="7">0</subfield>
    <subfield code="8">REF</subfield>
    <subfield code="a">BFM</subfield>
    <subfield code="b">BFM</subfield>
    <subfield code="c">REF</subfield>
    <subfield code="d">2012-07-30</subfield>
    <subfield code="e">COMPRA PROMED, JULIO  2012</subfield>
    <subfield code="g">308.00</subfield>
    <subfield code="l">71</subfield>
    <subfield code="m">9</subfield>
    <subfield code="o">612 18 DVO</subfield>
    <subfield code="p">2554</subfield>
    <subfield code="r">2025-09-26</subfield>
    <subfield code="s">2023-08-02</subfield>
    <subfield code="t">Ej.25</subfield>
    <subfield code="w">2012-07-30</subfield>
    <subfield code="y">REF</subfield>
    <subfield code="z">LIBRO DE CONSULTA. COMPRA PROMED, JULIO  2012. Sede Tordos. </subfield>
    <subfield code="f"></subfield>
  </datafield>
  <datafield tag="952" ind1=" " ind2=" ">
    <subfield code="0">0</subfield>
    <subfield code="1">0</subfield>
    <subfield code="2">ddc</subfield>
    <subfield code="4">0</subfield>
    <subfield code="7">0</subfield>
    <subfield code="a">BFM</subfield>
    <subfield code="b">BFM</subfield>
    <subfield code="c">CR</subfield>
    <subfield code="d">2012-07-30</subfield>
    <subfield code="e">COMPRA  PROMED, JULIO  2012</subfield>
    <subfield code="g">308.00</subfield>
    <subfield code="l">287</subfield>
    <subfield code="m">32</subfield>
    <subfield code="o">612 18 DVO</subfield>
    <subfield code="p">2555</subfield>
    <subfield code="r">2025-10-01</subfield>
    <subfield code="s">2025-09-19</subfield>
    <subfield code="t">Ej.26</subfield>
    <subfield code="w">2012-07-30</subfield>
    <subfield code="y">BK</subfield>
    <subfield code="z">Compra PROMED, Julio 2012. Sede Tordos.</subfield>
    <subfield code="f"></subfield>
  </datafield>
  <datafield tag="952" ind1=" " ind2=" ">
    <subfield code="0">0</subfield>
    <subfield code="1">0</subfield>
    <subfield code="2">ddc</subfield>
    <subfield code="4">0</subfield>
    <subfield code="7">0</subfield>
    <subfield code="a">BFM</subfield>
    <subfield code="b">BFM</subfield>
    <subfield code="c">CR</subfield>
    <subfield code="d">2012-07-30</subfield>
    <subfield code="e">COMPRA  PROMED, JULIO  2012</subfield>
    <subfield code="g">308.00</subfield>
    <subfield code="l">324</subfield>
    <subfield code="m">35</subfield>
    <subfield code="o">612 18 DVO</subfield>
    <subfield code="p">2556</subfield>
    <subfield code="r">2025-12-12</subfield>
    <subfield code="s">2025-11-26</subfield>
    <subfield code="t">Ej.27</subfield>
    <subfield code="w">2012-07-30</subfield>
    <subfield code="y">BK</subfield>
    <subfield code="z">Compra PROMED, Julio 2012. Sede Tordos.</subfield>
    <subfield code="f"></subfield>
  </datafield>
  <datafield tag="952" ind1=" " ind2=" ">
    <subfield code="0">0</subfield>
    <subfield code="1">0</subfield>
    <subfield code="2">ddc</subfield>
    <subfield code="4">0</subfield>
    <subfield code="7">0</subfield>
    <subfield code="a">BFM</subfield>
    <subfield code="b">BFM</subfield>
    <subfield code="c">CR</subfield>
    <subfield code="d">2014-11-17</subfield>
    <subfield code="e">COMPRA PROMED 3ER A&#xD1;O, NOVIEMBRE 2014</subfield>
    <subfield code="g">720.00</subfield>
    <subfield code="l">185</subfield>
    <subfield code="m">34</subfield>
    <subfield code="o">612 18 DVO</subfield>
    <subfield code="p">3357</subfield>
    <subfield code="r">2025-10-01</subfield>
    <subfield code="s">2025-09-23</subfield>
    <subfield code="t">Ej.29</subfield>
    <subfield code="w">2014-11-17</subfield>
    <subfield code="y">BK</subfield>
    <subfield code="z">COMPRA PROMED 3er A&#xD1;O, NOVIEMBRE 2014. Sede Tordos.</subfield>
    <subfield code="f"></subfield>
  </datafield>
  <datafield tag="952" ind1=" " ind2=" ">
    <subfield code="0">0</subfield>
    <subfield code="1">0</subfield>
    <subfield code="2">ddc</subfield>
    <subfield code="4">0</subfield>
    <subfield code="7">0</subfield>
    <subfield code="a">BFM</subfield>
    <subfield code="b">BFM</subfield>
    <subfield code="c">CR</subfield>
    <subfield code="d">2014-11-17</subfield>
    <subfield code="e">COMPRA PROMED 3ER A&#xD1;O, NOVIEMBRE 2014</subfield>
    <subfield code="g">720.00</subfield>
    <subfield code="l">174</subfield>
    <subfield code="m">28</subfield>
    <subfield code="o">612 18 DVO</subfield>
    <subfield code="p">3358</subfield>
    <subfield code="r">2024-08-30</subfield>
    <subfield code="s">2024-08-23</subfield>
    <subfield code="t">Ej.30</subfield>
    <subfield code="w">2014-11-17</subfield>
    <subfield code="y">BK</subfield>
    <subfield code="z">COMPRA PROMED 3er A&#xD1;O, NOVIEMBRE 2014. Sede Tordos.</subfield>
    <subfield code="f"></subfield>
  </datafield>
  <datafield tag="952" ind1=" " ind2=" ">
    <subfield code="0">0</subfield>
    <subfield code="1">0</subfield>
    <subfield code="2">ddc</subfield>
    <subfield code="4">0</subfield>
    <subfield code="7">0</subfield>
    <subfield code="a">BFM</subfield>
    <subfield code="b">BFM</subfield>
    <subfield code="c">CR</subfield>
    <subfield code="d">2014-11-17</subfield>
    <subfield code="e">COMPRA PROMED 3ER A&#xD1;O, NOVIEMBRE 2014</subfield>
    <subfield code="g">720.00</subfield>
    <subfield code="l">199</subfield>
    <subfield code="m">23</subfield>
    <subfield code="o">612 18 DVO</subfield>
    <subfield code="p">3359</subfield>
    <subfield code="r">2026-05-13</subfield>
    <subfield code="s">2026-05-07</subfield>
    <subfield code="t">Ej.31</subfield>
    <subfield code="w">2014-11-17</subfield>
    <subfield code="y">BK</subfield>
    <subfield code="z">COMPRA PROMED 3er A&#xD1;O, NOVIEMBRE 2014. Sede Tordos.</subfield>
    <subfield code="f"></subfield>
  </datafield>
  <datafield tag="952" ind1=" " ind2=" ">
    <subfield code="0">0</subfield>
    <subfield code="1">0</subfield>
    <subfield code="2">ddc</subfield>
    <subfield code="4">0</subfield>
    <subfield code="7">0</subfield>
    <subfield code="a">BFM</subfield>
    <subfield code="b">BFM</subfield>
    <subfield code="c">CR</subfield>
    <subfield code="d">2014-11-17</subfield>
    <subfield code="e">COMPRA PROMED 3ER A&#xD1;O, NOVIEMBRE 2014</subfield>
    <subfield code="g">720.00</subfield>
    <subfield code="l">189</subfield>
    <subfield code="m">20</subfield>
    <subfield code="o">612 18 DVO</subfield>
    <subfield code="p">3360</subfield>
    <subfield code="r">2025-10-02</subfield>
    <subfield code="s">2025-09-26</subfield>
    <subfield code="t">Ej.32</subfield>
    <subfield code="w">2014-11-17</subfield>
    <subfield code="y">BK</subfield>
    <subfield code="z">COMPRA PROMED 3er A&#xD1;O, NOVIEMBRE 2014. Sede Tordos.</subfield>
    <subfield code="f"></subfield>
  </datafield>
  <datafield tag="952" ind1=" " ind2=" ">
    <subfield code="0">0</subfield>
    <subfield code="1">0</subfield>
    <subfield code="2">ddc</subfield>
    <subfield code="4">0</subfield>
    <subfield code="7">0</subfield>
    <subfield code="a">BFM</subfield>
    <subfield code="b">BFM</subfield>
    <subfield code="c">CR</subfield>
    <subfield code="d">2014-11-17</subfield>
    <subfield code="e">COMPRA PROMED 3ER A&#xD1;O, NOVIEMBRE 2014</subfield>
    <subfield code="g">720.00</subfield>
    <subfield code="l">174</subfield>
    <subfield code="m">29</subfield>
    <subfield code="o">612 18 DVO</subfield>
    <subfield code="p">3356</subfield>
    <subfield code="r">2025-10-02</subfield>
    <subfield code="s">2025-09-26</subfield>
    <subfield code="t">Ej.28</subfield>
    <subfield code="w">2014-11-17</subfield>
    <subfield code="y">BK</subfield>
    <subfield code="z">COMPRA PROMED 3er A&#xD1;O, NOVIEMBRE 2014. Sede Tordos.</subfield>
    <subfield code="f"></subfield>
  </datafield>
  <datafield tag="952" ind1=" " ind2=" ">
    <subfield code="0">0</subfield>
    <subfield code="1">0</subfield>
    <subfield code="2">ddc</subfield>
    <subfield code="4">0</subfield>
    <subfield code="7">0</subfield>
    <subfield code="a">BFM</subfield>
    <subfield code="b">BFM</subfield>
    <subfield code="c">CR</subfield>
    <subfield code="d">2025-03-25</subfield>
    <subfield code="e">Donaci&#xF3;n Marzo 2025 Vespoli Vega, Daniela.</subfield>
    <subfield code="l">6</subfield>
    <subfield code="m">1</subfield>
    <subfield code="o">612 18 DVO</subfield>
    <subfield code="p">4994</subfield>
    <subfield code="q">2026-06-02</subfield>
    <subfield code="r">2026-05-26</subfield>
    <subfield code="s">2026-05-26</subfield>
    <subfield code="t">Ej.33</subfield>
    <subfield code="w">2025-03-25</subfield>
    <subfield code="y">BK</subfield>
    <subfield code="z">Donaci&#xF3;n Marzo 2025 Vespoli Vega, Daniela.</subfield>
    <subfield code="f"></subfield>
  </datafield>
  <datafield tag="952" ind1=" " ind2=" ">
    <subfield code="0">0</subfield>
    <subfield code="1">0</subfield>
    <subfield code="2">ddc</subfield>
    <subfield code="4">0</subfield>
    <subfield code="7">0</subfield>
    <subfield code="a">BFM</subfield>
    <subfield code="b">BFM</subfield>
    <subfield code="c">CR</subfield>
    <subfield code="d">2025-12-04</subfield>
    <subfield code="e">Donaci&#xF3;n diciembre 2025</subfield>
    <subfield code="l">3</subfield>
    <subfield code="o">612 18 DVO</subfield>
    <subfield code="p">5132</subfield>
    <subfield code="q">2026-06-05</subfield>
    <subfield code="r">2026-05-28</subfield>
    <subfield code="s">2026-05-28</subfield>
    <subfield code="t">Ej. 34</subfield>
    <subfield code="w">2025-12-05</subfield>
    <subfield code="y">BK</subfield>
    <subfield code="z">Donaci&#xF3;n Mendoza Mauricio, diciembre 2025</subfield>
    <subfield code="f"></subfield>
  </datafield>
  <datafield tag="952" ind1=" " ind2=" ">
    <subfield code="0">0</subfield>
    <subfield code="1">0</subfield>
    <subfield code="2">ddc</subfield>
    <subfield code="4">0</subfield>
    <subfield code="7">0</subfield>
    <subfield code="a">BFM</subfield>
    <subfield code="b">BFM</subfield>
    <subfield code="c">CR</subfield>
    <subfield code="d">2026-06-01</subfield>
    <subfield code="e">Donaci&#xF3;n junio 2026.</subfield>
    <subfield code="l">0</subfield>
    <subfield code="o">612 18 DVO</subfield>
    <subfield code="p">5169</subfield>
    <subfield code="r">2026-06-01</subfield>
    <subfield code="t">Ej.35</subfield>
    <subfield code="w">2026-06-01</subfield>
    <subfield code="y">BK</subfield>
    <subfield code="z">Donaci&#xF3;n Luba Skop, junio 2026.</subfield>
    <subfield code="f"></subfield>
  </datafield>
</record>
